| Tag |
First Indicator |
Second Indicator |
Subfields |
| LEADER |
00000cam a2200000 a 4500 |
| 001 |
in00000856474 |
| 005 |
20151019072021.0 |
| 008 |
850911d1985 dcua bt f00010 eng d |
| 010 |
|
|
|a gp 86001678
|
| 027 |
|
|
|a DOT/FAA/PM-85/12
|
| 035 |
|
|
|a (OCoLC)12544886
|
| 035 |
|
|
|9 AED7875AM
|
| 040 |
|
|
|a CBT
|c CBT
|d GPO
|d UtOrBLW
|
| 043 |
|
|
|a n-us---
|
| 074 |
|
|
|a 431-A-45
|
| 086 |
0 |
|
|a TD 4.32/20:85/12
|
| 088 |
|
|
|a MTR-85 W 28
|
| 090 |
|
|
|a TL696.C6
|b L43 1985
|
| 100 |
1 |
|
|a Lebron, John E.
|
| 245 |
1 |
0 |
|a System safety study of minimum TCAS II for instrument weather conditions /
|c John E. Lebron, Steven J. Mulder.
|
| 264 |
|
1 |
|a Washington, D.C. :
|b Federal Aviation Administration, Program Engineering & Maintenance Service ;
|c 1985.
|
| 264 |
|
2 |
|a Springfield, Va. :
|b National Technical Information Service [distributor],
|
| 300 |
|
|
|a 1 volume (various pagings) :
|b illustrations ;
|c 28 cm.
|
| 336 |
|
|
|a text
|b txt
|2 rdacontent
|
| 337 |
|
|
|a unmediated
|b n
|2 rdamedia
|
| 338 |
|
|
|a volume
|b nc
|2 rdacarrier
|
| 513 |
|
|
|a Final.
|
| 500 |
|
|
|a Cover title.
|
| 500 |
|
|
|a "The MITRE Corporation."
|
| 500 |
|
|
|a "June 1985."
|
| 504 |
|
|
|a Bibliography: p. H-2 -- H-2.
|
| 500 |
|
|
|a "MTR-85W28."
|
| 536 |
|
|
|b DTFA01-84-C-00001.
|
| 650 |
|
0 |
|a Airplanes
|x Collision avoidance.
|
| 650 |
|
0 |
|a Air traffic control
|x Computer programs.
|
| 650 |
|
0 |
|a Avionics.
|
| 700 |
1 |
|
|a Mulder, Steven J.
|
| 710 |
1 |
|
|a United States.
|b Federal Aviation Administration.
|b Program Engineering & Maintenance Service.
|
| 710 |
2 |
|
|a Mitre Corporation.
|
| 999 |
|
|
|a MARS
|
| 999 |
f |
f |
|s be07135a-6c48-3c82-b9cf-0ebd8ab6cf9e
|i 79e5dec6-395d-3d8a-8b4b-d9b57c41d644
|t 0
|
| 952 |
f |
f |
|p normal
|a Texas A&M University
|b College Station
|c Sterling C. Evans Library
|d Evans: US Documents (Annex 5th floor)
|t 0
|e TD 4.32/20:85/12
|h Superintendent of Documents classification
|i unmediated -- volume
|m A14836975793
|
| 998 |
f |
f |
|a TD 4.32/20:85/12
|t 0
|l Evans: US Documents (Annex 5th floor)
|